000
00259nam a2200109Ia 4500
008
220204s9999 xx 000 0 und d
082
_a
82-3MB
_b
LIN
100
_a
Lindsay, Rachel
245
0
_a
Man of ice
260
_a
London
_b
Mills and Boon
_c
1979
942
_c
BK
999
_c
35687
_d
35687